000 00694nam a2200241 i 4500
001 C2-0021110
003 PPAK
005 20190630221952.0
008 970203s my |||| ||||| | may d
040 _aPPAK
_beng
_cPPAK
_erda
082 0 4 _a297.12259923
_223
090 0 0 _a297.12259923
_bNAS
_dKSA
090 0 0 _a297.12259923
_bNAS
_dKWI
100 0 _aNasution, Abdullah Abbas, Haji,
_eauthor
245 1 0 _aQuran daawah Islamiah
264 1 _aJitra, Kedah :
_bPustaka Nasution ,
_c[date of publication not identified]
300 _a500 pages ;
_c26 cm
336 _2rdacontent
_atext
337 _2rdamedia
_aunmediated
338 _2rdacarrier
_avolume
650 1 0 _aKoran
942 _ddc
_cB
999 _c4360
_d4360